Compendium of tourism statistics : (1998-2002)

Αποθηκεύτηκε σε:
Λεπτομέρειες βιβλιογραφικής εγγραφής
Συγγραφή απο Οργανισμό/Αρχή: World Tourism Organization
Μορφή: Βιβλίο
Γλώσσα:English
Δημοσίευση: Madrid : World Tourism Organization, 29 εκ.
Θέματα:
Ετικέτες: Προσθήκη ετικέτας
Δεν υπάρχουν, Καταχωρήστε ετικέτα πρώτοι!

MARC

LEADER 00000cam a2200000 i 4500
001 1/58050
008 040623s2004 eng d
020 |a 92-844-0679-X 
035 |l 10073879 
040 |a GR-MY-UA  |b gre  |e aacr 
041 0 |a eng 
082 0 |a 338.4791 
110 2 |a World Tourism Organization. 
245 1 0 |a Compendium of tourism statistics :  |b (1998-2002) /  |c World Tourism Organization 
260 |a Madrid :   |b World Tourism Organization,   |c 29 εκ. 
300 |a xi, 236 σ.;  |b πίν.;  |c 29 εκ. 
650 0 0 |a Tourism  |x Statistics. 
852 |a INST  |b CHIOS  |e 20040623  |h 338.4791 WOR  |p 005200023040  |q 005200023040  |t BK  |y 0 
901 |a BIBL2-2004-2 
909 |a Χ  |b 111905 
970 |a ΧΑΖΙΡΗ  |b ΑΝΝΑ  |z 2004/06/23